| 000 | 00392nam a22001451a 4500 | ||
|---|---|---|---|
| 082 |
_aH1 _bVIN/W |
||
| 100 | _aVinod Kumar Shukla | ||
| 245 |
_aVah aadmi naya garam kott pehankar chala gaya vichar ki tarah/ _cby Vinod Kumar Shukla |
||
| 260 |
_aHariyana: _bAadhar, _c1996. |
||
| 300 | _a131p. | ||
| 650 | _aPoetry Hindi | ||
| 650 | _aLiterature Hindi | ||
| 650 | _aLiterature | ||
| 942 | _cBK | ||
| 999 |
_c48688 _d48688 |
||